000 00348nam a22001337a 4500
005 20250901165808.0
008 250320b |||||||| |||| 00| 0 eng d
020 _a9789966497706
050 _aPL 8704 .M39 2006
245 _aSudana
_cAlamin Mazrui and Kimani Njogu
260 _aNairobi:
_bLonghorn,
_c2006.
300 _a54 p.:
_c18 cm.
942 _2lcc
999 _c9329
_d9329